La reproducción de la fuerza de trabajo de los peones cafetaleros (Estudio del casos de San Pablo de Heredia, Costa Rica) /
שמור ב:
| מחבר ראשי: | |
|---|---|
| פורמט: | Texto |
| שפה: | Spanish |
| נושאים: | |
| תגים: |
הוספת תג
אין תגיות, היה/י הראשונ/ה לתייג את הרשומה!
|
MARC
| LEADER | 00000 a a2200000 04500 | ||
|---|---|---|---|
| 001 | 43636 | ||
| 003 | cru CRAI/IIS | ||
| 005 | 20210512093256.0 | ||
| 008 | 210512b |||||||| |||| 00| 0 spa d | ||
| 040 | |c cru CRAI/IIS | ||
| 100 | 1 | |a Rodríguez Cervantes, Silvia | |
| 245 | 1 | 3 | |a La reproducción de la fuerza de trabajo de los peones cafetaleros (Estudio del casos de San Pablo de Heredia, Costa Rica) / |c Silvia Rodríguez Cervantes |
| 500 | |a Colección Centroamérica | ||
| 650 | |a CAFE | ||
| 650 | |a COSTA RICA | ||
| 650 | |a TRABAJADORES AGRICOLAS | ||
| 650 | |a SALARIOS | ||
| 650 | |a MINIFUNDIOS | ||
| 773 | |g volumen10, número29 (1981), páginas 55-78 | ||
| 773 | 0 | |0 18875 |9 5344 |a Universidad de Costa Rica. |d San José, Costa Rica: Universidad de Costa Rica. Consejo Superior Universitario Centroamericano, 1972- |o 14621 |t Estudios Sociales Centroamericanos / |x 03039676 | |
| 942 | |2 ddc |c PP | ||
| 999 | |c 24235 |d 24235 | ||
